Selected papers on computer science

Αποθηκεύτηκε σε:
Λεπτομέρειες βιβλιογραφικής εγγραφής
Κύριος συγγραφέας: Knuth, Donald Ervin 1938-
Μορφή: Βιβλίο
Γλώσσα:English
Δημοσίευση: Cambridge, Mass. : Cambridge University Press, c1996
Σειρά:CSLI lecture notes ; ; 59
Θέματα:
Ετικέτες: Προσθήκη ετικέτας
Δεν υπάρχουν, Καταχωρήστε ετικέτα πρώτοι!

MARC

LEADER 00000nam a2200000 i 4500
001 1/17415
008 010221s1996 eng d
020 |a 1-881526-92-5 
035 |l 10066128 
040 |a GR-MY-UA  |b gre  |e aacr 
041 0 |a eng 
082 0 |a 004 
100 1 |a Knuth, Donald Ervin  |d 1938- 
245 1 0 |a Selected papers on computer science /  |c Donald E. Knuth 
260 |a Cambridge, Mass. :   |b Cambridge University Press,   |c c1996 
300 |a xii, 274 p.;  |b ill.;  |c 24 cm. 
490 1 |a CSLI lecture notes  |v ; 59 
504 |a INcludes bibliographical references and index 
650 0 0 |a Computer science. 
830 0 |a CSLI lecture notes ;  |v ; 59 
852 |a INST  |b SAMOS  |e 20010221  |h 004 KNU  |p 005300021678  |q 005300021678  |t BK  |y 23 
852 |a INST  |b SAMOS  |e 20010221  |h 004 KNU  |p 005300021679  |q 005300021679  |t BK  |y 0 
852 |a INST  |b SAMOS  |e 20010221  |h 004 KNU  |p 005300021680  |q 005300021680  |t BK  |y 0 
901 |a BIBL3-2001-1 
909 |a Σ  |b 085769 
909 |a Σ  |b 085770 
909 |a Σ  |b 085768 
922 |a 3ΕΛΗ  |b 200008  |c ΤΠΕΣ/ΠΟΛ2  |d LEADER 
970 |a ΠΟΥΡΝΑΡΑΣ  |b ΔΗΜΗΤΡΗΣ  |z 2001/02/21